Definición preliminar del proyecto hidroeléctrico Bagaces
Gorde:
| Egile nagusia: | |
|---|---|
| Formatua: | Liburua |
| Argitaratua: |
[San José , Costa Rica]
1985
|
| Gaiak: | |
| Etiketak: |
Etiketa erantsi
Etiketarik gabe, Izan zaitez lehena erregistro honi etiketa jartzen!
|
MARC
| LEADER | 00000nam a2200000Ia 4500 | ||
|---|---|---|---|
| 003 | 002901 | ||
| 005 | 20221231144401.0 | ||
| 008 | 140114s1985 cr a m 000 ||s d | ||
| 040 | |c cru CEDI | ||
| 090 | |a TFG 1712 | ||
| 100 | |a Hernández Alfaro, Miguel Angel |9 14458 | ||
| 245 | |a Definición preliminar del proyecto hidroeléctrico Bagaces | ||
| 260 | |c 1985 |a [San José , Costa Rica] | ||
| 300 | |a iii, [76] hojas : ilustraciones (algunas plegables) ; | ||
| 500 | |a Proyecto de graduación (ingeniero civil)--Universidad de Costa Rica. Facultad de Ingeniería. Escuela de Ingeniería Civil | ||
| 650 | |x INSTITUTO COSTARRICENSE DE ELECTRICIDAD.. PROYECTO HIDROELECTRICO BAGACES |9 14459 | ||
| 942 | |c TFG |2 ddc | ||
| 999 | |c 21061 |d 21061 | ||
